000
00252 a2200097 4500
001
52715
100
_a
Hines, W W
245
_a
Propability and Statistics in Engineering & Management Science
260
_a
New York
_b
John Wiley
_c
090
_c
33159
_d
33159
942
_a
NUST-CAE
_c
_c
25735
999
_c
287788
_d
287788